000 00979nam a2200265 i 4500
001 37378
003 ES-MaACL
005 20250809195000.0
007 t|
008 030220s1967 sp ||||1| spa d
100 1 _aButor, Michel.
_932954
245 1 0 _aSobre literatura /
_cMichel Butor.
250 _a1ª ed.
260 _aBarcelona :
_bSeix Barral,
_c1967.
300 _a2 v. ;
_c18 cm.
490 1 _aBiblioteca breve.
_aEnsayo ;
_v154, 254
505 8 _aContiene: 1. Estudios y conferencias, 1948-1959 / traducción de Juan Petit (397 p.) - 2. Estudios y conferencias, 1959-1963 / traducción de Carlos Pujol (390 p.)
650 4 _aLiteratura-
_yS.XIX-
_xHistoria y crítica.
_9142386
650 4 _aLiteratura-
_yS.XX-
_xHistoria y crítica.
_9139829
700 1 _aPetil, Juan.
_991493
700 1 _aPujol, Carlos,
_d1936-2012
_994332
830 1 _aBiblioteca breve.
_aEnsayo
_v154, 254
_9181348
852 4 _aES-MaACL
_jC-32864-45
999 _c37378
_d37378